I Saw Her Standing There - The Beatles (All Lyrics) - Statistics

General Stats
  • This quiz has been taken 122 times
    57 since last reset
  • The average score is 153 of 190
Answer Stats
Lyrics % Correct
and
100%
I
98%
I,
98%
the
98%
you
98%
17
95%
dance
95%
her
95%
just
95%
me
95%
she
95%
was
95%
know
93%
mean
93%
saw
93%
standin'
93%
there?
93%
there
93%
there,
93%
we
93%
what
93%
with
93%
another,
91%
beyond
91%
way
91%
well,
88%
when
88%
looked
86%
compare
84%
could
84%
oh
81%
oh,
81%
love
79%
that
79%
too
79%
wouldn't
79%
at
77%
before
77%
how
77%
in
77%
long
77%
long,
77%
see
77%
i'd
72%
so,
72%
fall
70%
fell
70%
danced
65%
four
65%
I'll
65%
i'll
65%
never
65%
one,
65%
three,
65%
two,
65%
night
63%
tight
63%
each
60%
hand
60%
held
60%
other
60%
through
60%
yeah,
58%
mine
56%
my
56%
now
56%
since
56%
crossed
53%
if
53%
room
53%
went
53%
boom
51%
heart
51%
woo
42%
whoa
37%
whoa,
37%
ahh!
26%
No matching quizzes found
Score Distribution
Percent of People with Each Score
Percentile by Number Answered
Your Score History
You have not taken this quiz since the last reset